[Event "Budapest FS02 Elo-C"]
[Site "Budapest"]
[Date "2005.02.09"]
[Round "5"]
[White "Beszterczey, Laszlo"]
[Black "Engelbrecht, Imre"]
[Result "1-0"]
[WhiteElo "2077"]
[BlackElo "1784"]
[PlyCount "73"]
[EventDate "2005.02.05"]
[EventType "tourn"]
[EventRounds "10"]
[EventCountry "HUN"]
[SourceTitle "EXT 2006"]
[Source "ChessBase"]
[SourceDate "2005.11.24"]
[SourceVersion "1"]
[SourceVersionDate "2005.11.24"]
[SourceQuality "1"]

1. g3 d5 2. Bg2 e5 3. d4 e4 4. c4 c6 5. cxd5 cxd5 6. Nc3 Nf6 7. Bg5 Be7 8. f3 0-0 9. Bxf6 Bxf6 10. fxe4 dxe4 11. e3 Qa5 12. Nh3 Nc6 13. 0-0 Bxh3 14. Bxh3 Bg5 15. Qe2 f5 16. a3 g6 17. b4 Qd8 18. Rfd1 Rc8 19. Rac1 Rf7 20. Nxe4 Nxd4 21. exd4 Bxc1 22. Nc5 Bg5 23. Ne6 Qe7 24. d5 Rc1 25. Bf1 Rxd1 26. Qxd1 Bf6 27. Qc2 h6 28. g4 Qd6 29. Bc4 a6 30. gxf5 gxf5 31. Kh1 Bg7 32. Bb3 f4 33. Qg6 f3 34. Bc2 Qxe6 35. dxe6 Rf6 36. Qh7+ Kf8 37. e7+ 1-0

[Event "Budapest FS02 Elo-C"]
[Site "Budapest"]
[Date "2005.02.05"]
[Round "1"]
[White "Czimer, Jozsef"]
[Black "Beszterczey, Laszlo"]
[Result "1-0"]
[WhiteElo "1931"]
[BlackElo "2077"]
[PlyCount "118"]
[EventDate "2005.02.05"]
[EventType "tourn"]
[EventRounds "10"]
[EventCountry "HUN"]
[SourceTitle "EXT 2006"]
[Source "ChessBase"]
[SourceDate "2005.11.24"]
[SourceVersion "1"]
[SourceVersionDate "2005.11.24"]
[SourceQuality "1"]

1. e4 g6 2. d4 Bg7 3. c4 Nc6 4. Nf3 e5 5. d5 Nd4 6. Nc3 c5 7. dxc6 dxc6 8. h3 Ne7 9. Bd3 0-0 10. 0-0 h6 11. Rb1 Be6 12. b4 Qd7 13. Nxd4 exd4 14. Ne2 f5 15. Nf4 fxe4 16. Nxe6 Qxe6 17. Qe2 e3 18. Bb2 exf2+ 19. Rxf2 Qxe2 20. Rxe2 Nf5 21. Bxf5 Rxf5 22. Re7 Rf7 23. Re6 Rd8 24. Rxg6 Kh7 25. Rg4 b6 26. Rd1 c5 27. bxc5 bxc5 28. Ba3 Bf8 29. Rg3 Re8 30. Rgd3 h5 31. Bc1 Re2 32. R3d2 Re6 33. Rb2 Bd6 34. Rf2 Rg7 35. Rf5 Re2 36. Rxh5+ Kg8 37. g4 Rxa2 38. Bg5 Bh2+ 39. Kh1 Bg3 40. Bf6 Rh7 41. Rxh7 Kxh7 42. Be7 Ra5 43. Kg2 Bc7 44. h4 Bb6 45. Kf3 Ra3+ 46. Kf4 Rc3 47. Kg5 Re3 48. Kf6 Rf3+ 49. Kg5 Rf7 50. Bf6 Ba5 51. Kf5 Bd8 52. g5 Kg8 53. h5 Bxf6 54. gxf6 a5 55. Kg6 a4 56. Rb1 Rf8 57. Rb7 Ra8 58. Rg7+ Kf8 59. h6 Ra6 1-0

[Event "Gyongyos Matra Cup"]
[Site "Gyongyos"]
[Date "2003.07.31"]
[Round "9"]
[White "Bakos, Levente"]
[Black "Beszterczey, Laszlo"]
[Result "1/2-1/2"]
[WhiteElo "1946"]
[BlackElo "2098"]
[PlyCount "123"]
[EventDate "2003.07.22"]
[EventType "swiss"]
[EventRounds "9"]
[EventCountry "HUN"]
[SourceTitle "EXT 2005"]
[Source "ChessBase"]
[SourceDate "2004.11.15"]
[SourceVersion "1"]
[SourceVersionDate "2004.11.15"]
[SourceQuality "1"]

1. e4 g6 2. d4 Bg7 3. Be3 c6 4. Nc3 d5 5. e5 f6 6. f4 Nh6 7. Bd3 0-0 8. Nf3 Bg4 9. 0-0 fxe5 10. fxe5 e6 11. h3 Bxf3 12. Rxf3 Nd7 13. Qd2 Nf7 14. Raf1 Ndxe5 15. dxe5 d4 16. Bc4 dxe3 17. Qxe3 Qe7 18. a3 b6 19. Qe4 Nxe5 20. Rxf8+ Rxf8 21. Rxf8+ Qxf8 22. Bxe6+ Kh8 23. Bb3 Bf6 24. Ne2 g5 25. Nd4 Qc5 26. Kh1 Qd6 27. Qf5 Nd7 28. c3 Bxd4 29. cxd4 Nf6 30. Qxg5 Qxd4 31. Qh6 Qd6 32. Bc2 c5 33. Bb3 Ne4 34. Qxd6 Nxd6 35. g4 Kg7 36. Kg2 Kf6 37. Kf3 h6 38. Kf4 c4 39. Bc2 b5 40. h4 a5 41. g5+ hxg5+ 42. hxg5+ Ke6 43. g6 Kf6 44. g7 Kxg7 45. Ke5 Nc8 46. Kd5 Kf6 47. Kc5 b4 48. axb4 axb4 49. Kxc4 Ke5 50. Kxb4 Kd4 51. Kb5 Nd6+ 52. Kc6 Nc4 53. b4 Kc3 54. Kc5 Nd6 55. Bg6 Nb7+ 56. Kb5 Nd6+ 57. Ka5 Nc4+ 58. Ka4 Nb6+ 59. Ka3 Nd5 60. b5 Kc4 61. Bf7 Kxb5 62. Bxd5 1/2-1/2

[Event "Gyongyos Matra Cup"]
[Site "Gyongyos"]
[Date "2003.07.25"]
[Round "4"]
[White "Beszterczey, Laszlo"]
[Black "Gyurkovics, Miklos"]
[Result "0-1"]
[WhiteElo "2098"]
[BlackElo "2225"]
[PlyCount "84"]
[EventDate "2003.07.22"]
[EventType "swiss"]
[EventRounds "9"]
[EventCountry "HUN"]
[SourceTitle "EXT 2005"]
[Source "ChessBase"]
[SourceDate "2004.11.15"]
[SourceVersion "1"]
[SourceVersionDate "2004.11.15"]
[SourceQuality "1"]

1. g3 d5 2. Bg2 c6 3. d3 Nf6 4. Nd2 e5 5. Ngf3 Bd6 6. 0-0 Bg4 7. h3 Bh5 8. e4 0-0 9. g4 Bg6 10. Nh4 Re8 11. Nf5 Bc5 12. Nb3 Bb6 13. a4 a5 14. Bg5 Na6 15. Qf3 Nc7 16. Nh6+ Kf8 17. Rae1 dxe4 18. dxe4 Ne6 19. Bxf6 Qxf6 20. Qxf6 gxf6 21. Rd1 Red8 22. c3 Nf4 23. Nf5 Bxf5 24. exf5 Ke7 25. Kh2 Rxd1 26. Rxd1 Bxf2 27. Be4 h5 28. Rf1 Bb6 29. Kg3 hxg4 30. hxg4 Rh8 31. Bg2 Ne2+ 32. Kf3 Rh2 33. Nd2 Nf4 34. Nc4 Bc5 35. Bh1 Rh3+ 36. Ke4 b5 37. axb5 cxb5 38. Nxe5 fxe5 39. Kxe5 Bd6+ 40. Ke4 Nd3 41. f6+ Ke6 42. Bf3 Nxb2 0-1

[Event "Nyiregyhaza op"]
[Site "Nyiregyhaza"]
[Date "2001.07.14"]
[Round "8"]
[White "Beszterczey, Laszlo"]
[Black "Rigan, Jozsef"]
[Result "1-0"]
[WhiteElo "2131"]
[BlackElo "2057"]
[PlyCount "22"]
[EventDate "2001.07.07"]
[EventType "swiss"]
[EventRounds "9"]
[EventCountry "HUN"]
[SourceTitle "EXT 2008"]
[Source "ChessBase"]
[SourceDate "2007.11.25"]
[SourceVersion "1"]
[SourceVersionDate "2007.11.25"]
[SourceQuality "1"]

1. g3 d5 2. Bg2 Nf6 3. d3 g6 4. Nd2 Bg7 5. e4 Bg4 6. Ngf3 c6 7. h3 Bc8 8. 0-0 0-0 9. Re1 e6 10. Nf1 Nfd7 11. Bf4 Qe7 1-0

[Event "HUN-chT2 Maroczy 0001"]
[Site "Hungary"]
[Date "2001.02.25"]
[Round "7"]
[White "Deak, Laszlo"]
[Black "Beszterczey, Laszlo"]
[Result "0-1"]
[WhiteElo "2139"]
[BlackElo "2073"]
[PlyCount "160"]
[EventDate "2000.11.26"]
[EventType "team"]
[EventRounds "11"]
[EventCountry "HUN"]
[SourceTitle "EXT 2007"]
[Source "ChessBase"]
[SourceDate "2006.11.23"]
[SourceVersion "1"]
[SourceVersionDate "2006.11.23"]
[SourceQuality "1"]
[WhiteTeam "Kecskemet Szechenyi"]
[BlackTeam "Foti"]
[WhiteTeamCountry "HUN"]
[BlackTeamCountry "HUN"]

1. d4 g6 2. c4 Bg7 3. Nc3 d6 4. e4 Nc6 5. Nf3 Bg4 6. Be3 e5 7. dxe5 Bxf3 8. Qxf3 Nxe5 9. Qd1 Nf6 10. Be2 0-0 11. 0-0 Re8 12. f3 b6 13. Qd2 a5 14. Rad1 Qd7 15. b3 Rad8 16. Nd5 Qc8 17. Bg5 Ned7 18. Qf4 Nxd5 19. cxd5 f6 20. Bh6 g5 21. Bxg5 fxg5 22. Qxg5 Re5 23. Qd2 Rf8 24. Bd3 Nc5 25. Bc2 Rh5 26. a3 Qd8 27. b4 axb4 28. axb4 Nd7 29. f4 Qh4 30. g3 Qf6 31. Qe2 Rh6 32. Qg4 Qe7 33. e5 dxe5 34. d6 cxd6 35. Bb3+ Kh8 36. fxe5 Nxe5 37. Rxf8+ Qxf8 38. Qf4 Rf6 39. Qe4 h6 40. h4 Rf3 41. Ra1 Rxg3+ 42. Kh1 Qf3+ 43. Qxf3 Rxf3 44. Ra8+ Bf8 45. Bd5 Rf4 46. Rb8 Rxh4+ 47. Kg2 Nd7 48. Rd8 Rg4+ 49. Kf2 Rf4+ 50. Kg3 Rf5 51. Be6 Rg5+ 52. Kf2 Ne5 53. Rxf8+ Kg7 54. Rb8 Kf6 55. Bb3 b5 56. Rb6 Ke7 57. Rb7+ Kd8 58. Bc2 Kc8 59. Rh7 h5 60. Ke3 Nc6 61. Bd1 Nxb4 62. Bxh5 Nd5+ 63. Kd4 Nf6 64. Rh8+ Kc7 65. Bf3 Rf5 66. Be2 Rf4+ 67. Kc3 Ne4+ 68. Kc2 b4 69. Bc4 Nc5 70. Bd5 Rf2+ 71. Kb1 Na4 72. Rh7+ Kb6 73. Rb7+ Kc5 74. Be6 d5 75. Kc1 Nc3 76. Rb8 Kc4 77. Rd8 Kd3 78. Rxd5+ Nxd5 79. Bxd5 Kc3 80. Kb1 b3 0-1

[Event "Zalakaros op 19th"]
[Site "Zalakaros"]
[Date "2000.05.23"]
[Round "5"]
[White "Csiszar, Zoltan"]
[Black "Beszterczey, Laszlo"]
[Result "1-0"]
[WhiteElo "2218"]
[BlackElo "2099"]
[PlyCount "73"]
[EventDate "2000.05.??"]
[EventType "swiss"]
[EventRounds "9"]
[EventCountry "HUN"]
[SourceTitle "EXT 2002"]
[Source "ChessBase"]
[SourceDate "2001.11.25"]
[SourceVersion "1"]
[SourceVersionDate "2001.11.25"]
[SourceQuality "1"]

1. d4 g6 2. c4 Bg7 3. Nc3 d6 4. e4 Nc6 5. d5 Nb8 6. Be3 Nd7 7. Nf3 c6 8. Be2 Qa5 9. 0-0 Nc5 10. Nd4 Qc7 11. b4 Nd7 12. dxc6 bxc6 13. Rc1 e6 14. f4 Ne7 15. f5 e5 16. Ndb5 cxb5 17. Nxb5 Qb8 18. Nxd6+ Kf8 19. fxg6 f6 20. Nxc8 Qxc8 21. Bg4 Ke8 22. gxh7 Rxh7 23. c5 Qc7 24. Qa4 Nc6 25. Bf5 Rh8 26. Rfd1 Rd8 27. Rd6 Nd4 28. Bg6+ Kf8 29. Rd1 Bh6 30. Bxd4 exd4 31. Qb3 Be3+ 32. Kh1 Ne5 33. Qe6 Rxd6 34. cxd6 Qd7 35. Qxf6+ Nf7 36. Bxf7 Rh6 37. Bg6+ 1-0

[Event "Bled Seniors op"]
[Site "Bled"]
[Date "1999.??.??"]
[Round "?"]
[White "Beszterczey, Laszlo"]
[Black "Bykhovsky, Anatoly A"]
[Result "0-1"]
[WhiteElo "2134"]
[BlackElo "2415"]
[PlyCount "46"]
[EventDate "1999.??.??"]
[EventType "swiss"]
[EventRounds "9"]
[EventCountry "SLO"]
[SourceTitle "EXT 2000"]
[Source "ChessBase"]
[SourceDate "1999.11.16"]
[SourceVersion "1"]
[SourceVersionDate "1999.11.16"]
[SourceQuality "1"]

1. g3 d5 2. Bg2 Nf6 3. d3 Bg4 4. h3 Bh5 5. f4 Bg6 6. Nd2 e6 7. e4 Bc5 8. Ndf3 Nc6 9. c3 Qd7 10. e5 Ng8 11. a3 f6 12. b4 Bxg1 13. Rxg1 fxe5 14. b5 Na5 15. fxe5 Qxb5 16. d4 Ne7 17. Bf1 Qc6 18. a4 a6 19. g4 Rf8 20. Ra3 Rf7 21. Be2 0-0-0 22. h4 Rdf8 23. h5 Be4 0-1

[Event "Budapest FS03 schev"]
[Site "Budapest"]
[Date "1999.??.??"]
[Round "?"]
[White "Beszterczey, Laszlo"]
[Black "Feller, Joseph"]
[Result "0-1"]
[WhiteElo "2134"]
[BlackElo "2185"]
[PlyCount "112"]
[EventDate "1999.03.??"]
[EventType "schev"]
[EventRounds "9"]
[EventCountry "HUN"]
[SourceTitle "EXT 2004"]
[Source "ChessBase"]
[SourceDate "2003.11.25"]
[SourceVersion "1"]
[SourceVersionDate "2003.11.25"]
[SourceQuality "1"]

1. g3 d5 2. Bg2 c6 3. d3 Bg4 4. Nd2 Nf6 5. h3 Bh5 6. f4 e6 7. g4 Bg6 8. e4 h6 9. Qe2 Be7 10. Ngf3 Qc7 11. e5 Nfd7 12. 0-0 h5 13. g5 Nf8 14. Nh4 Nbd7 15. Nb3 0-0-0 16. Bd2 Bf5 17. Nxf5 exf5 18. c4 dxc4 19. d4 cxb3 20. axb3 Qb6 21. Kh1 Bb4 22. Be3 a5 23. Rfc1 Kb8 24. Rc4 Ng6 25. d5 c5 26. Bf2 Qa6 27. Qf3 Ne7 28. e6 Nb6 29. Rxb4 cxb4 30. Bf1 Qa7 31. exf7 Nexd5 32. Bc5 g6 33. Bc4 Qa8 34. f8Q Rhxf8 35. Bxf8 Rxf8 36. Bxd5 Nxd5 37. Qxd5 b6 38. Qxa8+ Kxa8 39. Re1 Kb7 40. Re6 Rg8 41. Kg2 b5 42. Kf2 a4 43. bxa4 bxa4 44. Ke1 Ra8 45. Kd2 a3 46. Re1 Kc6 47. Kc2 Kd5 48. Kb3 a2 49. Ra1 Ke4 50. Kxb4 Kxf4 51. Kc4 Ke3 52. b4 f4 53. b5 f3 54. b6 f2 55. Kc5 f1Q 56. Rxf1 a1Q 0-1